00278nam a22000977a 4500003000400000082001900004100003600023245004500059260006800104300000800172SGT a891.4309bN06O aओनेस्टो, ली  aनेपाली समरगाथा bसमकालीन तीसरी दुनिया c2006 a296